| 000 | 01680nam a2200517 i 4500 | ||
|---|---|---|---|
| 001 | 30441 | ||
| 003 | KOSZ 005 | ||
| 005 | 20250607063742.0 | ||
| 008 | 970510s1995 pl a f |000 0 pol | ||
| 015 | _aUWD 1995/8294 | ||
| 020 | _a8390045494 | ||
| 035 | _a991000109109705066 | ||
| 035 | _a(PL-WaBN)b10073966-48omnis_nlop | ||
| 035 | _ab10073966 | ||
| 035 | _a(OCoLC)297567337 | ||
| 035 | _a(PL)b0000001007396 | ||
| 035 | _a(EXLNZ-48OMNIS_NETWORK)9910528349905606 | ||
| 040 |
_aWA N _cWA N _dKOSZ 005/EG |
||
| 041 | _apol | ||
| 046 | _k1995 | ||
| 080 | _a616:614.87:628.5:534 | ||
| 080 | _a614.87 | ||
| 080 | _a628.5 | ||
| 080 | _a534 | ||
| 100 | 1 |
_aZaborowski, Tadeusz _d(1946- ) _eAutor |
|
| 245 | 1 | 0 |
_aPodstawy zagrożeń hałasem i wibracją zdrowia człowieka / _cTadeusz Zaborowski, Paweł Żukowski. |
| 260 |
_aGorzów Wlkp. [Wielkopolski] : _bIBEN, _c1995. |
||
| 300 |
_a45 s. : _b2 rys., wykr. ; _c24 cm. |
||
| 336 |
_aTekst _btxt _2rdacontent |
||
| 337 |
_aBez urządzenia pośredniczącego _bn _2rdamedia |
||
| 338 |
_aWolumin _bnc _2rdacarrier |
||
| 380 | _aKsiążki | ||
| 388 | _a1901-2000 | ||
| 388 | _a1989-2000 | ||
| 504 | _aBibliogr. s. 45. | ||
| 650 | 7 |
_aChoroba wibracyjna _2DBN |
|
| 650 | 7 |
_aDrgania _2DBN |
|
| 650 | 7 |
_aHałas _2DBN |
|
| 650 | 7 |
_aWpływ na zdrowie _2DBN |
|
| 658 | _aMedycyna i zdrowie | ||
| 700 | 1 |
_aŻukowski, Paweł _d(1934- ) _eAutor |
|
| 710 | 2 |
_aInstytut Badań i Ekspertyz Naukowych _4pbl |
|
| 856 |
_uhttp://koha.tu.koszalin.pl/cgi-bin/koha/opac-detail.pl?biblionumber=30441 _yKatalog online BPK |
||
| 942 |
_2UKD _cKS |
||
| 999 |
_c30441 _d30441 |
||